Normal view
MARC view
- محمد، يحيى
Entry Personal Name
001 - CONTROL NUMBER
- control field: 18426
003 - CONTROL NUMBER IDENTIFIER
- control field: JO-AjAnu
005 - DATE AND TIME OF LATEST TRANSACTION
- control field: 20230606073233.0
008 - FIXED-LENGTH DATA ELEMENTS
- fixed length control field: 230606|| aca||aabn | a|a d
040 ## - CATALOGING SOURCE
- Original cataloging agency: JO-AjAnu
- Transcribing agency: JO-AjAnu
100 ## - HEADING--PERSONAL NAME
- Personal name: محمد، يحيى
670 ## - SOURCE DATA FOUND
- Source citation: Work cat.: (JO-AjAnu)9459: محمد، يحيى, author, الإجتهاد والتقليد والإتباع والنظر: بحث استدلالي مقارن يعنى بتحديد الموقف الشرعي للمثقف المسلم = The Educated Musiem